|
|
|
|
| LEADER |
01039nam a22002417a 4500 |
| 001 |
19197 |
| 003 |
BD-DhAAL |
| 008 |
230615r20041993ii ||||| b||| 00| 0 ben d |
| 020 |
|
|
|a 8170741343
|
| 040 |
|
|
|a BD-DhAAL
|c BD-DhAAL
|
| 041 |
|
|
|a ben
|
| 082 |
|
|
|a 954.03
|2 23
|
| 100 |
|
|
|a সরকার, সুমিত.
|9 54714
|
| 245 |
|
|
|a আধুনিক ভারত,
|n ১৮৮৫-১৯৪৭ /
|c সুমিত সরকার.
|
| 246 |
|
|
|a Modern India :
|b 1885-1947
|
| 260 |
|
|
|a কলকাতা :
|b কে পি বাগচী,
|c ১৯৯৩ [তৃতীয় সংস্করণ ২০০৪].
|
| 300 |
|
|
|a ৪৪৩ পৃষ্ঠা ;
|c ২২ সে.মি.
|
| 541 |
|
|
|e 19197
|
| 651 |
|
|
|a India
|x History
|y British occupation, 1765-1947.
|
| 852 |
|
|
|a Ayesha Abed Library
|c General Stacks
|
| 942 |
|
|
|2 ddc
|c BK
|
| 999 |
|
|
|c 45894
|d 45894
|
| 952 |
|
|
|0 0
|1 0
|2 ddc
|4 0
|6 954_030000000000000_SAR
|7 0
|9 73818
|a BIGD
|b BIGD
|c GEN
|d 2023-06-15
|g 238.00
|l 0
|o 954.03 SAR
|p 3050019197
|r 2023-06-15
|t 1
|w 2023-06-15
|y BK
|x Transferred from BDI to BIGD ; Rs 180.00
|